| 000 | 01872cam a22005174i 4500 | ||
|---|---|---|---|
| 003 | PE-LiUPU | ||
| 005 | 20250731172850.0 | ||
| 008 | 980821s1998 sp 000 0 spa d | ||
| 016 | 7 |
_abimoBNE19982143673 _2SpMaBN |
|
| 017 | _aNA 1180-1998 | ||
| 020 | _a8481692727 | ||
| 020 | _a9788481692723 | ||
| 035 | _a(Sirsi) i9788481692723 | ||
| 040 |
_aBNM _erdc _bspa _cBNM _dPE-LiUPU |
||
| 080 | _a266 | ||
| 082 | 4 |
_a266 _bS3 _220 |
|
| 245 | 0 | 0 |
_aSeguir a Cristo en la misión : _bmanual de misionología / _ccoordinadores, Sebastian Karotemprel (dir.) ... [y otros 7]. |
| 250 | _aTercera edición. | ||
| 264 |
_aEspaña : _bVerbo Divino, _c1998. |
||
| 300 |
_a322 páginas ; _c23 centímetros. |
||
| 336 |
_atext _2rdacontent |
||
| 337 |
_aunmediated _2rdamedia |
||
| 338 |
_avolume _2rdacarrier |
||
| 504 | _aBibliografía : páginas 303-316. | ||
| 505 | 0 | _aParte I: Fundamentos teológicos de la misión -- Parte II: Vías de la misión -- Parte III: Historia de la misión -- Parte IV: Misión y religiones -- Parte V: Sumplementos. | |
| 526 | _aSEG42 | ||
| 526 | _aSEG41 | ||
| 526 | _aSEG40 | ||
| 526 | _aSEG39 | ||
| 526 | _aP94 | ||
| 526 | _aP87 | ||
| 526 | _aP86 | ||
| 526 | _aP85 | ||
| 526 | _aP77 | ||
| 526 | _aP76 | ||
| 526 | _aP35 | ||
| 650 | 7 | _aMisiones. | |
| 700 | 1 |
_aKarotemprel, Sebastian., _edirector. |
|
| 910 |
_ajck _bebj _cebj _d20160607 |
||
| 942 |
_2ddc _cBOOK |
||
| 949 |
_a266 S3 _wDEWEY _c1 _i73593 _lCCODEBUL1 _mBUL _p15.90 _r0 _sY _tBOOK _u2016-6-7 _xTEOLOGIA _PP85 _0COMPRA _o.STAFF. Colección General Teología |
||
| 994 |
_aC0 _bPEPRU |
||
| 596 | _a1 | ||
| 999 |
_a266 S3 _wDEWEY _c9814 _i73593 _d9814 _e2019-7-16 _f2021-11-10 _g5 _lCCODEBUL1 _mBUL _n3 _p15.90 _q3 _r0 _sY _tBOOK _u2016-6-7 _xTEOLOGIA _PP85 _0COMPRA _o.STAFF. Colección General Teología |
||
| 980 |
_81 _gALBERTO SANCHEZ Responsable de Automatización |
||